[Event "Women's Speed Chess Main"]
[Site "chess.com INT"]
[Date "2021.06.13"]
[Round "1.36"]
[White "Lagno, Kateryna"]
[Black "Gunina, Valentina"]
[Result "0-1"]
[WhiteTitle "GM"]
[BlackTitle "GM"]
[WhiteElo "2558"]
[BlackElo "2436"]
[WhiteFideId "14109336"]
[BlackFideId "4167570"]
[EventDate "2021.06.12"]

1. e4 c6 2. Nc3 d5 3. Nf3 dxe4 4. Nxe4 Nf6 5. Nxf6+ exf6 6. Bc4 Bd6 7. Qe2+ Kf8
8. O-O g6 9. d4 Kg7 10. Re1 h5 11. a4 Nd7 12. a5 a6 13. Bb3 Nf8 14. Bd2 Bg4 15.
h3 Bf5 16. c4 Ne6 17. d5 Nc5 18. Bd1 Bd3 19. Qe3 Bxc4 20. dxc6 bxc6 21. Bc3 Bd5
22. b4 Ne4 23. Bb2 Bxb4 24. Bc2 Re8 25. Red1 Bc5 26. Qf4 Bxf2+ 27. Kh1 Bg3 28.
Qxe4 Bxe4 29. Bxe4 Qxd1+ 30. Rxd1 Rxe4 31. Bd4 Rb8 32. Rc1 Rd8 33. Bb6 Rd5 34.
Rxc6 Rd1+ 35. Bg1 Ra4 36. Rxa6 Raa1 37. Ra8 Bf2 0-1

[Event "Women's Speed Chess Main"]
[Site "chess.com INT"]
[Date "2021.06.13"]
[Round "1.37"]
[White "Gunina, Valentina"]
[Black "Lagno, Kateryna"]
[Result "0-1"]
[WhiteTitle "GM"]
[BlackTitle "GM"]
[WhiteElo "2436"]
[BlackElo "2558"]
[WhiteFideId "4167570"]
[BlackFideId "14109336"]
[EventDate "2021.06.12"]

1. d4 Nf6 2. c4 g6 3. Nc3 d5 4. Nf3 Bg7 5. cxd5 Nxd5 6. e4 Nxc3 7. bxc3 c5 8.
Be2 Nc6 9. Be3 Bg4 10. e5 cxd4 11. cxd4 Qa5+ 12. Bd2 Qa3 13. O-O O-O 14. Be3
Rad8 15. Qb1 Bxf3 16. Bxf3 Nxd4 17. Bxb7 Bxe5 18. Kh1 Nf5 19. Bg5 Rb8 20. Qe4
Bxa1 21. Rxa1 Qb2 22. Rb1 Qxa2 23. h4 Nd6 24. Qe1 Rxb7 25. Rxb7 Nxb7 26. Qxe7
Qb1+ 27. Kh2 Nd8 28. Bh6 Ne6 29. Bxf8 Nxf8 30. Qxa7 h5 31. g3 Qe4 32. Qc5 Ne6
33. Qe7 Kg7 34. Qd6 Qd4 35. Qxd4+ Nxd4 0-1

[Event "Women's Speed Chess Main"]
[Site "chess.com INT"]
[Date "2021.06.16"]
[Round "1.11"]
[White "Harika, Dronavalli"]
[Black "Kosteniuk, Alexandra"]
[Result "0-1"]
[WhiteTitle "GM"]
[BlackTitle "GM"]
[WhiteElo "2515"]
[BlackElo "2472"]
[WhiteFideId "5015197"]
[BlackFideId "4128125"]
[EventDate "2021.06.12"]

1. Nf3 Nf6 2. g3 c5 3. Bg2 Nc6 4. O-O d5 5. d4 cxd4 6. Nxd4 e5 7. Nxc6 bxc6 8.
c4 Be6 9. Qa4 Qd7 10. Nc3 Rc8 11. Bg5 d4 12. Rad1 h5 13. e3 Nh7 14. Bh4 g5 15.
exd4 exd4 16. c5 Bg7 17. Ne4 gxh4 18. Nd6+ Ke7 19. Rfe1 Rc7 20. f4 Kd8 21. Qa5
hxg3 22. hxg3 h4 23. b4 Bd5 24. Bxd5 cxd5 25. Nb5 Bf6 26. c6 Qc8 27. Nxc7 Qxc7
28. Qxd5+ Kc8 29. b5 Kb8 30. Kg2 h3+ 31. Kh2 Bd8 32. Qxd4 Nf6 33. a4 Ng4+ 34.
Kh1 Bf6 35. Qc5 Rd8 36. Rxd8+ Qxd8 37. c7+ Qxc7 38. Re8+ Kb7 39. Qd5+ Kb6 0-1

[Event "Women's Speed Chess Main"]
[Site "chess.com INT"]
[Date "2021.06.16"]
[Round "1.12"]
[White "Kosteniuk, Alexandra"]
[Black "Harika, Dronavalli"]
[Result "1/2-1/2"]
[WhiteTitle "GM"]
[BlackTitle "GM"]
[WhiteElo "2472"]
[BlackElo "2515"]
[WhiteFideId "4128125"]
[BlackFideId "5015197"]
[EventDate "2021.06.12"]

1. e4 e6 2. d4 d5 3. Nc3 Bb4 4. Ne2 dxe4 5. a3 Bxc3+ 6. Nxc3 Nc6 7. Bb5 Ne7 8.
Bg5 f6 9. Be3 f5 10. Qd2 O-O 11. f3 exf3 12. O-O-O a6 13. Bxc6 bxc6 14. gxf3 Rb8
15. Rhg1 Rf7 16. Bg5 a5 17. Na4 Qd5 18. Bxe7 Rxe7 19. Qg5 Rf7 20. Nc5 h6 21.
Qxh6 Qa2 22. Qh4 Rxb2 23. Qd8+ Kh7 24. Qh4+ Kg8 25. Qd8+ Kh7 26. Qh4+ Kg8 1/2-1/2

[Event "Women's Speed Chess Main"]
[Site "chess.com INT"]
[Date "2021.06.16"]
[Round "1.13"]
[White "Harika, Dronavalli"]
[Black "Kosteniuk, Alexandra"]
[Result "1/2-1/2"]
[WhiteTitle "GM"]
[BlackTitle "GM"]
[WhiteElo "2515"]
[BlackElo "2472"]
[WhiteFideId "5015197"]
[BlackFideId "4128125"]
[EventDate "2021.06.12"]

1. f4 d5 2. Nf3 Nf6 3. g3 g6 4. Bg2 Bg7 5. O-O O-O 6. d3 c5 7. Qe1 d4 8. c4 Nc6
9. Na3 Rb8 10. Bd2 a6 11. Rc1 Ng4 12. Nc2 b5 13. h3 Nh6 14. cxb5 axb5 15. Na3
Qb6 16. g4 f6 17. b4 cxb4 18. Nc2 Be6 19. Nxb4 Nxb4 20. Bxb4 Rfc8 21. a3 f5 22.
Ng5 fxg4 23. Rxc8+ Rxc8 24. Qh4 gxh3 25. Bxh3 Bxh3 26. Qxh3 Qc6 27. Bd2 Qa6 28.
Kf2 Rc6 29. Rh1 Qc8 30. Qxc8+ Rxc8 31. Rb1 e5 32. Rxb5 exf4 33. Ne6 Ng4+ 34. Kf3
Ne3 35. Nxg7 Kxg7 36. Rb7+ Kf6 37. Kxf4 h5 38. Bxe3 dxe3 39. Rb6+ Kg7 40. Kxe3
Rf8 41. a4 h4 42. a5 h3 43. Rb1 g5 44. a6 g4 45. a7 h2 46. a8=Q Rxa8 47. Kf4 Ra2
48. Rh1 Rxe2 49. Kxg4 Kf6 50. Kg3 Ke5 51. Rxh2 Rxh2 52. Kxh2 Kd4 53. Kg3 Kxd3 1/2-1/2

[Event "Women's Speed Chess Main"]
[Site "chess.com INT"]
[Date "2021.06.16"]
[Round "1.14"]
[White "Kosteniuk, Alexandra"]
[Black "Harika, Dronavalli"]
[Result "1-0"]
[WhiteTitle "GM"]
[BlackTitle "GM"]
[WhiteElo "2472"]
[BlackElo "2515"]
[WhiteFideId "4128125"]
[BlackFideId "5015197"]
[EventDate "2021.06.12"]

1. e4 e6 2. d4 d5 3. Nc3 Bb4 4. Ne2 Nf6 5. e5 Nfd7 6. a3 Bf8 7. f4 g6 8. Be3 b6
9. h4 h5 10. Ng1 Ba6 11. Bxa6 Nxa6 12. Qe2 Qc8 13. Nf3 Qb7 14. Ng5 Be7 15. b4 c6
16. Qd3 Nc7 17. Rh3 Qa6 18. Bf2 Rf8 19. Qxa6 Nxa6 20. Na4 Rc8 21. Rb1 Nc7 22.
Rhb3 f6 23. Nf3 fxe5 24. fxe5 Rf5 25. Nc3 Kf8 26. Ne2 Kg7 27. a4 Ne8 28. Be3 Kg8
29. Nf4 Kf7 30. Rc1 b5 31. Ra1 a6 32. axb5 axb5 33. Ra7 Rc7 34. Ra8 Nf8 35. c3
Ng7 36. Rba3 g5 37. hxg5 Bxg5 38. Nxg5+ Rxg5 39. Nxd5 cxd5 40. Bxg5 Kg6 41. Bf6
Nh7 42. Bxg7 Rxg7 43. R3a7 1-0

[Event "Women's Speed Chess Main"]
[Site "chess.com INT"]
[Date "2021.06.16"]
[Round "1.15"]
[White "Harika, Dronavalli"]
[Black "Kosteniuk, Alexandra"]
[Result "1/2-1/2"]
[WhiteTitle "GM"]
[BlackTitle "GM"]
[WhiteElo "2515"]
[BlackElo "2472"]
[WhiteFideId "5015197"]
[BlackFideId "4128125"]
[EventDate "2021.06.12"]

1. Nf3 Nf6 2. g3 c5 3. c4 Nc6 4. Bg2 d5 5. cxd5 Nxd5 6. O-O e5 7. Nc3 Nc7 8. a3
Rb8 9. Rb1 Be6 10. d3 Be7 11. Bd2 O-O 12. b4 cxb4 13. axb4 f6 14. b5 Nd4 15. Qa4
Bc5 16. Nxd4 Bxd4 17. Rfc1 f5 18. Qc2 Nd5 19. Nxd5 Bxd5 20. Bxd5+ Qxd5 21. Qc4
Qxc4 22. Rxc4 Rfd8 23. Ba5 Rd7 24. b6 axb6 25. Bxb6 Bxb6 26. Rxb6 Re8 27. Kg2
Kf7 28. Rc5 Re6 29. Rb3 b6 30. Rcb5 Rb7 31. h4 g6 32. e3 Kf6 33. d4 exd4 34.
exd4 Rd6 35. d5 Ke5 36. f4+ Kf6 37. Kf3 h6 38. Rb2 g5 39. hxg5+ hxg5 40. Ke3
Re7+ 41. Kd3 gxf4 42. gxf4 Re4 43. Rxb6 Rxb6 44. Rxb6+ Ke7 45. Re6+ Rxe6 46.
dxe6 Kxe6 47. Kc4 Ke7 48. Kd5 Kd7 49. Ke5 Ke7 50. Kxf5 Kf7 51. Kg5 Kg7 52. f5
Kf7 53. f6 Kf8 54. Kf5 Kf7 55. Ke5 Kf8 56. Ke6 Ke8 57. Kf5 Kf7 58. Kg5 Kf8 59.
Kg6 Kg8 60. f7+ Kf8 61. Kf6 1/2-1/2

[Event "Women's Speed Chess Main"]
[Site "chess.com INT"]
[Date "2021.06.16"]
[Round "1.16"]
[White "Kosteniuk, Alexandra"]
[Black "Harika, Dronavalli"]
[Result "1/2-1/2"]
[WhiteTitle "GM"]
[BlackTitle "GM"]
[WhiteElo "2472"]
[BlackElo "2515"]
[WhiteFideId "4128125"]
[BlackFideId "5015197"]
[EventDate "2021.06.12"]

1. e4 e6 2. d4 d5 3. exd5 exd5 4. Nf3 Nc6 5. h3 Bf5 6. Bb5 Bd6 7. c4 dxc4 8. O-O
Ne7 9. Nc3 O-O 10. Bxc4 Ng6 11. Bg5 Qd7 12. d5 Nce5 13. Bb5 Qc8 14. Nxe5 Bxe5
15. Re1 h6 16. Be3 Bxh3 17. gxh3 Qxh3 18. f4 Qg3+ 19. Kf1 Qh3+ 20. Ke2 Nxf4+ 21.
Bxf4 Bxf4 22. Qd4 Qg4+ 23. Kd3 a6 24. Rg1 Qh3+ 25. Kc2 Bg5 26. Bd3 Rae8 27. Qg4
Qe3 28. Qg2 Qc5 29. Rae1 Bf6 30. Kb1 Bxc3 31. bxc3 Qxc3 32. Rxe8 Rxe8 33. Bc2 a5
34. Rf1 Qb4+ 35. Kc1 Qa3+ 36. Kb1 Qb4+ 37. Kc1 Qd4 38. Qf3 Rf8 39. Qd3 Qxd3 40.
Bxd3 g6 41. Kc2 Rd8 42. Bc4 Kg7 43. Kc3 f5 44. Kd4 Kf6 45. Re1 Rd6 46. Re8 h5
47. Rf8+ Kg5 48. Rc8 Rd7 49. Bb5 Re7 50. Bd3 h4 51. Rb8 b6 52. Rh8 Kg4 53. Rh6
g5 54. d6 cxd6 55. Rxd6 f4 56. Rxb6 h3 57. Rh6 Kg3 58. Bf5 h2 59. Rh5 g4 60.
Bxg4 Kxg4 61. Rxh2 Kg3 62. Rh8 f3 63. Rg8+ Kf2 64. Rg5 Ke2 65. Rxa5 f2 66. Rf5
f1=Q 67. Rxf1 Kxf1 68. Kc4 Ke2 69. a4 Ke3 70. a5 Ra7 71. Kb5 Kd4 72. Kb6 Rh7 73.
a6 Kc4 74. a7 Rh6+ 75. Kb7 Rh7+ 76. Kb8 Rh8+ 77. Kb7 Kb5 78. a8=Q Rh7+ 79. Kc8
Rh8+ 80. Kb7 Rxa8 81. Kxa8 1/2-1/2

[Event "Women's Speed Chess Main"]
[Site "chess.com INT"]
[Date "2021.06.16"]
[Round "1.17"]
[White "Harika, Dronavalli"]
[Black "Kosteniuk, Alexandra"]
[Result "1/2-1/2"]
[WhiteTitle "GM"]
[BlackTitle "GM"]
[WhiteElo "2515"]
[BlackElo "2472"]
[WhiteFideId "5015197"]
[BlackFideId "4128125"]
[EventDate "2021.06.12"]

1. Nf3 Nf6 2. c4 c5 3. Nc3 Nc6 4. g3 d5 5. cxd5 Nxd5 6. Bg2 Nc7 7. O-O e5 8. d3
Be7 9. Be3 O-O 10. Rc1 Rb8 11. a3 Ne6 12. Nd2 Ned4 13. Nd5 Bd6 14. Nc4 Be6 15.
Nxd6 Qxd6 16. Nc3 f5 17. Bxd4 Nxd4 18. e3 Nb3 19. Rc2 a6 20. Qe2 Rfd8 21. Rd1 b5
22. h4 Bf7 23. Bf3 Na5 24. Rcc1 Bb3 25. Rd2 Rbc8 26. Nb1 f4 27. Kg2 fxg3 28.
fxg3 Bd5 29. Rf1 Rf8 30. Nc3 Bxf3+ 31. Rxf3 Qc6 32. Rd1 c4 33. d4 exd4 34. exd4
Rce8 35. Qf2 Rxf3 36. Qxf3 Qxf3+ 37. Kxf3 Nb3 38. Ne4 a5 39. d5 b4 40. axb4 axb4
41. d6 Rd8 42. Rd5 Kf7 43. Ng5+ Ke8 44. Ne6 Rd7 45. Nd4 Nxd4+ 46. Rxd4 c3 47.
bxc3 bxc3 48. Ke2 Rf7 49. Kd1 Rf3 50. g4 Kd7 51. Kc2 Rg3 52. g5 h6 53. gxh6 gxh6
54. Rf4 Kxd6 55. Rf6+ Ke5 56. Rxh6 Kd4 57. Rd6+ Kc4 58. Rc6+ Kd4 59. Rd6+ Kc4
60. Rc6+ Kb4 61. Rb6+ Kc4 62. Rc6+ 1/2-1/2

[Event "Women's Speed Chess Main"]
[Site "chess.com INT"]
[Date "2021.06.16"]
[Round "1.18"]
[White "Kosteniuk, Alexandra"]
[Black "Harika, Dronavalli"]
[Result "1-0"]
[WhiteTitle "GM"]
[BlackTitle "GM"]
[WhiteElo "2472"]
[BlackElo "2515"]
[WhiteFideId "4128125"]
[BlackFideId "5015197"]
[EventDate "2021.06.12"]

1. e4 e6 2. d4 d5 3. Nc3 Bb4 4. Ne2 dxe4 5. a3 Bxc3+ 6. Nxc3 Nc6 7. Bb5 Ne7 8.
Bg5 f6 9. Be3 f5 10. Qd2 O-O 11. f3 exf3 12. O-O-O f4 13. Bxf4 fxg2 14. Rhg1 e5
15. Bc4+ Kh8 16. Qxg2 Ng6 17. dxe5 Qe8 18. Nd5 Qf7 19. Rgf1 Be6 20. Bg3 Qg8 21.
Rxf8 Rxf8 22. Qe4 a6 23. h4 b5 24. Be2 Nge7 25. Nxe7 Nxe7 26. Kb1 Nf5 27. Be1
Rd8 28. h5 Rxd1+ 29. Bxd1 Qd8 30. Be2 Nd4 31. Bd3 Bf5 32. Qe3 Bxd3 33. Qxd3 Ne6
34. Qf3 Kg8 35. Ba5 Qd7 36. Qa8+ Kf7 37. Qf3+ Ke8 38. Qa8+ Kf7 39. Qf3+ Ke8 40.
Qa8+ Qd8 41. Qe4 Qd1+ 42. Ka2 Qd7 43. Qxh7 Qd5+ 44. Kb1 Qxe5 45. Qg6+ Kd7 46.
Bc3 Qd5 47. Bxg7 Qd1+ 48. Ka2 Qd5+ 49. b3 a5 50. h6 a4 51. Qd3 Qxd3 52. cxd3 Ng5
53. Bf6 Nh7 54. Bd4 Ke6 55. bxa4 bxa4 56. Kb2 Kd5 57. Kc3 Ng5 58. Bf6 Nh7 59.
Bd8 c6 60. Be7 c5 61. Bd8 Nf8 62. Be7 Nh7 63. Kc2 Kd4 64. Kd2 c4 65. dxc4 Kxc4
66. Ke3 Kd5 67. Kf4 Ke6 68. Bb4 Kf7 69. Kf5 Nf6 70. Bd2 Nd5 71. Bc1 Nb6 72. Bb2
Nc4 73. h7 1-0

[Event "Women's Speed Chess Main"]
[Site "chess.com INT"]
[Date "2021.06.16"]
[Round "1.21"]
[White "Harika, Dronavalli"]
[Black "Kosteniuk, Alexandra"]
[Result "1-0"]
[WhiteTitle "GM"]
[BlackTitle "GM"]
[WhiteElo "2515"]
[BlackElo "2472"]
[WhiteFideId "5015197"]
[BlackFideId "4128125"]
[EventDate "2021.06.12"]

1. b3 c5 2. Bb2 Nc6 3. c4 Nf6 4. e3 e5 5. Nc3 d5 6. cxd5 Nxd5 7. Bc4 Be6 8. Qe2
Nc7 9. Nf3 Be7 10. O-O O-O 11. Rad1 Bg4 12. h3 Bh5 13. Ne4 Kh8 14. Ng3 Bg6 15.
d4 exd4 16. exd4 cxd4 17. Nxd4 Nxd4 18. Bxd4 Qe8 19. Rfe1 Bb4 20. Bxg7+ Kxg7 21.
Qb2+ Kg8 22. Rxe8 Raxe8 23. h4 h5 24. a3 Bc5 25. b4 Bb6 26. Qf6 Ne6 27. Nf5 Bxf5
28. Qxf5 Ng7 29. Qg5 Re4 30. Bd3 Re6 31. g3 Rfe8 32. Kg2 Kf8 33. Rd2 Re5 34. Qh6
Kg8 35. Qh7+ 1-0

[Event "Women's Speed Chess Main"]
[Site "chess.com INT"]
[Date "2021.06.16"]
[Round "1.22"]
[White "Kosteniuk, Alexandra"]
[Black "Harika, Dronavalli"]
[Result "1/2-1/2"]
[WhiteTitle "GM"]
[BlackTitle "GM"]
[WhiteElo "2472"]
[BlackElo "2515"]
[WhiteFideId "4128125"]
[BlackFideId "5015197"]
[EventDate "2021.06.12"]

1. Nf3 Nf6 2. g3 g6 3. Bg2 Bg7 4. O-O O-O 5. d4 d6 6. c4 Nbd7 7. Nc3 e5 8. dxe5
Nxe5 9. Nxe5 dxe5 10. Qb3 c6 11. h3 Qc7 12. Be3 Be6 13. Qa4 Rfd8 14. Rfd1 Nd7
15. b3 Bf8 16. Ne4 h6 17. c5 Bd5 18. b4 Bxe4 19. Bxe4 Nf6 20. Bg2 Nd5 21. Qb3
Nxe3 22. Qxe3 a5 23. a3 Kh7 24. Qb3 axb4 25. axb4 Rxa1 26. Rxa1 Bg7 27. Rd1
Rxd1+ 28. Qxd1 f5 29. e3 e4 30. Bf1 h5 31. Bc4 Bf6 32. Ba2 h4 33. g4 Kh6 34.
gxf5 gxf5 35. Qb3 Qg7+ 36. Kf1 Kg5 37. Qe6 Qe7 38. Qg8+ Qg7 39. Qe6 Qe7 40. Qg8+
Qg7 41. Qe6 1/2-1/2

[Event "Women's Speed Chess Main"]
[Site "chess.com INT"]
[Date "2021.06.16"]
[Round "1.23"]
[White "Harika, Dronavalli"]
[Black "Kosteniuk, Alexandra"]
[Result "1-0"]
[WhiteTitle "GM"]
[BlackTitle "GM"]
[WhiteElo "2515"]
[BlackElo "2472"]
[WhiteFideId "5015197"]
[BlackFideId "4128125"]
[EventDate "2021.06.12"]

1. b3 b6 2. Bb2 Bb7 3. Nf3 Nf6 4. c4 e6 5. e3 a5 6. Nc3 Ne4 7. Qc2 f5 8. Be2 Nf6
9. d3 Be7 10. e4 O-O 11. e5 Nh5 12. Qd2 g5 13. h3 Nf4 14. O-O-O a4 15. Nxa4 b5
16. cxb5 c6 17. b6 Na6 18. g3 Nxe2+ 19. Qxe2 Nb4 20. Kb1 Nd5 21. Nd2 Nxb6 22.
Nxb6 Qxb6 23. Nc4 Qa6 24. a4 c5 25. Rhe1 Bc6 26. Qc2 Bf3 27. Rc1 Rab8 28. Ka2
Rb7 29. Ba3 Rfb8 30. Rb1 Bc6 31. Rb2 Bd5 32. f4 h6 33. Reb1 Kg7 34. Qd2 Rg8 35.
Qc3 Kh7 36. fxg5 Rxg5 37. g4 fxg4 38. hxg4 Rxg4 39. Qc2 Rb8 40. d4+ Be4 41. Qe2
Rbg8 42. Re1 Bf5 43. Nd6 Bxd6 44. Qxa6 1-0

[Event "Women's Speed Chess Main"]
[Site "chess.com INT"]
[Date "2021.06.16"]
[Round "1.24"]
[White "Kosteniuk, Alexandra"]
[Black "Harika, Dronavalli"]
[Result "0-1"]
[WhiteTitle "GM"]
[BlackTitle "GM"]
[WhiteElo "2472"]
[BlackElo "2515"]
[WhiteFideId "4128125"]
[BlackFideId "5015197"]
[EventDate "2021.06.12"]

1. d4 Nf6 2. Nf3 g6 3. c4 Bg7 4. Nc3 O-O 5. e4 d6 6. Be2 e5 7. O-O Bg4 8. dxe5
Bxf3 9. exf6 Bxe2 10. Qxe2 Qxf6 11. Nd5 Qd8 12. Qg4 c6 13. Nc3 Nd7 14. Rd1 Qe7
15. Qg3 Ne5 16. b3 h5 17. Ba3 Rfd8 18. h3 h4 19. Qe3 g5 20. Ne2 Ng6 21. Rab1 Rd7
22. Rd3 Re8 23. Qc1 Be5 24. c5 Nf4 25. Nxf4 Bxf4 26. Qc4 d5 27. Qa4 Qxe4 28.
Qxe4 Rxe4 29. Kf1 Kh7 30. g3 Bc7 31. Bc1 f6 32. Bd2 Rde7 33. b4 a6 34. a4 hxg3
35. fxg3 Be5 36. Kg2 Rd4 37. Rxd4 Bxd4 38. Kf3 Kg6 39. h4 gxh4 40. gxh4 Kf5 41.
h5 Be5 42. h6 Rh7 43. b5 axb5 44. axb5 Kg6 45. bxc6 bxc6 46. Rb6 Rc7 47. Ra6 f5
48. Ra8 f4 49. Re8 Bd4 50. Bxf4 Rf7 51. Kg4 Bxc5 52. Rc8 Rf6 53. Rg8+ Kf7 54.
Rg7+ Kf8 55. Rc7 Rxf4+ 56. Kg5 Rf2 57. Rxc6 Be3+ 58. Kg6 Rg2+ 59. Kh7 Rh2 60.
Rf6+ Ke7 61. Ra6 Rxh6+ 62. Rxh6 Bxh6 63. Kxh6 d4 0-1

[Event "Women's Speed Chess Main"]
[Site "chess.com INT"]
[Date "2021.06.16"]
[Round "1.24"]
[White "Harika, Dronavalli"]
[Black "Kosteniuk, Alexandra"]
[Result "0-1"]
[WhiteTitle "GM"]
[BlackTitle "GM"]
[WhiteElo "2515"]
[BlackElo "2472"]
[WhiteFideId "5015197"]
[BlackFideId "4128125"]
[EventDate "2021.06.12"]

1. b3 b6 2. Bb2 Bb7 3. Nf3 Nf6 4. g3 e6 5. Bg2 Be7 6. O-O O-O 7. c4 c5 8. Nc3 d5
9. e3 dxc4 10. bxc4 Nc6 11. Qe2 Qc7 12. Rfd1 Rad8 13. Rac1 a6 14. Ne1 Ne8 15. f4
Nd6 16. g4 Na5 17. d3 Bxg2 18. Nxg2 b5 19. cxb5 axb5 20. g5 c4 21. Nb1 Nf5 22.
dxc4 Nxc4 23. Nd2 Qa7 24. Nxc4 bxc4 25. Bc3 Bc5 26. Kh1 Bxe3 27. Rxd8 Rxd8 28.
Rf1 Rd3 29. Be5 Qb7 30. Rd1 Nh4 0-1

[Event "Women's Speed Chess Main"]
[Site "chess.com INT"]
[Date "2021.06.16"]
[Round "1.25"]
[White "Kosteniuk, Alexandra"]
[Black "Harika, Dronavalli"]
[Result "0-1"]
[WhiteTitle "GM"]
[BlackTitle "GM"]
[WhiteElo "2472"]
[BlackElo "2515"]
[WhiteFideId "4128125"]
[BlackFideId "5015197"]
[EventDate "2021.06.12"]

1. e4 Nc6 2. Nf3 d6 3. d4 Nf6 4. Nc3 g6 5. d5 Ne5 6. Nd2 Bg7 7. f4 Ned7 8. Nb3
O-O 9. Be2 c6 10. dxc6 bxc6 11. Be3 Bb7 12. g4 c5 13. Bf3 a5 14. a4 Nb6 15. e5
Bxf3 16. Qxf3 Nfd7 17. O-O-O Nc4 18. Bf2 Ndb6 19. Bxc5 Qc7 20. Nb5 Qc8 21. Bxb6
Nxb6 22. exd6 exd6 23. Nxd6 Qc7 24. Nb5 Qc4 25. f5 Rac8 26. Nc3 Nxa4 27. f6 Bh6+
28. Kb1 Nxc3+ 29. Qxc3 Qxc3 30. bxc3 a4 31. Nd4 Rxc3 32. h4 Bf4 33. Rhe1 Bg3 34.
Re4 Bxh4 35. Rf1 Rb8+ 36. Ka2 Bg5 37. Nb5 Rxc2+ 38. Ka3 h6 39. Kxa4 Rc6 40. Kb4
Rcb6 41. Re5 Bxf6 42. Rd5 Kg7 43. Kc4 Rc8+ 44. Kd3 Rbc6 45. Nd6 Ra8 46. Ne4 Be7
47. Nd2 Ra3+ 48. Ke2 Ra2 49. Rd7 Re6+ 50. Kd3 Rd6+ 51. Rxd6 Bxd6 52. Nc4 Be7 53.
Ne5 Bf6 54. Nd7 Ra6 55. Ke4 Rd6 56. Nc5 Rc6 57. Kd5 Rb6 58. Nd7 Ra6 59. Nc5 Ra5
60. Kc4 Ra8 61. Nd7 Ra6 62. Kd5 Re6 63. Nc5 Re5+ 64. Kc6 Re2 65. Nd7 Rc2+ 66.
Kd6 Rd2+ 67. Kc6 Bd4 68. Re1 h5 69. gxh5 gxh5 70. Re4 Kg6 71. Nf8+ Kg7 72. Nd7
Kh6 73. Re7 f6 74. Re6 Kg5 75. Rd6 h4 76. Nc5 Bxc5 77. Rxd2 Be3 78. Rd5+ f5 79.
Rd3 f4 80. Kd5 h3 81. Ke4 h2 82. Rd1 Kg4 83. Rh1 Kg3 0-1

[Event "Women's Speed Chess Main"]
[Site "chess.com INT"]
[Date "2021.06.16"]
[Round "1.26"]
[White "Harika, Dronavalli"]
[Black "Kosteniuk, Alexandra"]
[Result "1-0"]
[WhiteTitle "GM"]
[BlackTitle "GM"]
[WhiteElo "2515"]
[BlackElo "2472"]
[WhiteFideId "5015197"]
[BlackFideId "4128125"]
[EventDate "2021.06.12"]

1. b3 c5 2. Bb2 Nc6 3. c4 Nf6 4. e3 e5 5. Nc3 d6 6. a3 g6 7. Nge2 Bg7 8. g3 h5
9. Bg2 h4 10. Qc2 Bf5 11. Ne4 Qd7 12. Nxf6+ Bxf6 13. Be4 hxg3 14. Nxg3 Bxe4 15.
Nxe4 Bg7 16. O-O-O O-O-O 17. Kb1 f5 18. Nc3 e4 19. Rdg1 Rh6 20. Nd5 Rdh8 21. Rg2
Be5 22. Ka2 Qg7 23. Rhg1 Bxb2 24. Qxb2 Qxb2+ 25. Kxb2 Ne5 26. Ne7+ Kd7 27. Nxg6
Nxg6 28. Rxg6 Rxg6 29. Rxg6 Rxh2 30. Rg7+ Kc6 31. Rf7 Rxf2 32. Kc3 Rf3 33. Kc2
a6 34. a4 b6 35. Re7 Rf2 36. Rf7 Rf1 37. Kc3 b5 38. axb5+ axb5 39. Kc2 b4 40.
Kb2 Rf3 41. Kc1 Rf2 42. Kc2 f4 43. Rxf4 Rxf4 44. exf4 Kd7 45. d3 d5 46. cxd5 e3
47. Kd1 Kd6 48. Ke2 Kxd5 49. Kxe3 Kd6 50. Ke4 Ke6 51. d4 1-0

[Event "Women's Speed Chess Main"]
[Site "chess.com INT"]
[Date "2021.06.16"]
[Round "1.31"]
[White "Kosteniuk, Alexandra"]
[Black "Harika, Dronavalli"]
[Result "1/2-1/2"]
[WhiteTitle "GM"]
[BlackTitle "GM"]
[WhiteElo "2472"]
[BlackElo "2515"]
[WhiteFideId "4128125"]
[BlackFideId "5015197"]
[EventDate "2021.06.12"]

1. e4 b6 2. d4 Bb7 3. Bd3 e6 4. Nd2 Nf6 5. Ngf3 d5 6. Qe2 dxe4 7. Nxe4 Nxe4 8.
Bxe4 Bxe4 9. Qxe4 Qd5 10. Qxd5 exd5 11. Bf4 Nd7 12. O-O-O O-O-O 13. Ng5 Be7 14.
Rhe1 Bxg5 15. Bxg5 f6 16. Bf4 Rhe8 17. h4 c6 18. h5 Nf8 19. Kd2 Kd7 20. Be3 Ne6
21. g4 h6 22. c3 Ng5 23. Bxg5 fxg5 24. Rf1 Rf8 25. Rde1 Rf4 26. f3 Rdf8 27. Ke3
R8f7 28. Rf2 a5 29. b3 b5 30. Ree2 Kd6 31. Re1 Rf8 32. Ree2 R8f7 33. Re1 Rf8 34.
Ree2 R8f7 1/2-1/2

[Event "Women's Speed Chess Main"]
[Site "chess.com INT"]
[Date "2021.06.16"]
[Round "1.32"]
[White "Harika, Dronavalli"]
[Black "Kosteniuk, Alexandra"]
[Result "1/2-1/2"]
[WhiteTitle "GM"]
[BlackTitle "GM"]
[WhiteElo "2515"]
[BlackElo "2472"]
[WhiteFideId "5015197"]
[BlackFideId "4128125"]
[EventDate "2021.06.12"]

1. Nc3 c5 2. d3 d5 3. Nf3 Nc6 4. g3 g6 5. Bg2 Bg7 6. O-O Nf6 7. e4 d4 8. Ne2 Nd7
9. Nd2 e5 10. a4 O-O 11. Nc4 Qe7 12. f4 f5 13. exf5 Rxf5 14. fxe5 Ndxe5 15. Nxe5
Rxe5 16. Nf4 Bf5 17. Bd2 Re8 18. Qf3 Qd7 19. Rae1 Bg4 20. Qf2 Bf5 21. Qf3 h5 22.
Rxe5 Rxe5 23. Re1 Rxe1+ 24. Bxe1 Kh7 25. Bd2 Qe7 26. Qe2 Qxe2 27. Nxe2 Be5 28.
Bf4 Bxf4 29. Nxf4 Nb4 30. Bxb7 Nxc2 31. Kf2 Nb4 32. Ke2 g5 33. Nxh5 Bg4+ 34. Bf3
Bxf3+ 35. Kxf3 Nxd3 36. Nf6+ Kg6 37. Nd7 c4 38. Ke4 Nxb2 39. Kxd4 Nxa4 40. Kxc4
Kf5 41. Kb5 Nc3+ 42. Ka6 Ne4 43. h4 g4 44. h5 Nxg3 45. h6 Kg6 46. Ne5+ Kxh6 47.
Nxg4+ Kg5 48. Kxa7 1/2-1/2

[Event "Women's Speed Chess Main"]
[Site "chess.com INT"]
[Date "2021.06.16"]
[Round "1.33"]
[White "Kosteniuk, Alexandra"]
[Black "Harika, Dronavalli"]
[Result "1/2-1/2"]
[WhiteTitle "GM"]
[BlackTitle "GM"]
[WhiteElo "2472"]
[BlackElo "2515"]
[WhiteFideId "4128125"]
[BlackFideId "5015197"]
[EventDate "2021.06.12"]

1. e4 b6 2. d4 Bb7 3. Bd3 e6 4. Nd2 Nf6 5. Qe2 d5 6. Ngf3 dxe4 7. Nxe4 Nxe4 8.
Bxe4 Bxe4 9. Qxe4 Qd5 10. Qe2 Be7 11. Bf4 Bd6 12. Bd2 O-O 13. O-O Nd7 14. c4 Qh5
15. h3 Nf6 16. Rfe1 Rfe8 17. Bc3 Rad8 18. Rad1 h6 19. Rd3 c6 20. Re3 Bf4 21. Rd3
Bc7 22. b3 Qg6 23. Red1 Qf5 24. Ne5 Bxe5 25. dxe5 Rxd3 26. Rxd3 Ne4 27. Bb2 Nc5
28. Rd1 Qg5 29. Qc2 Rd8 30. Rxd8+ Qxd8 31. b4 Qd3 32. Qxd3 Nxd3 33. Bc3 b5 34.
cxb5 cxb5 35. Kf1 Nf4 36. Bd4 Nd5 37. a3 a6 38. Ke2 Kf8 39. Kf3 Ke8 40. Ke4 Kd7
41. g4 g6 42. f4 Kc6 43. f5 gxf5+ 44. gxf5 h5 45. fxe6 fxe6 46. Kf3 Ne7 47. Ke4
Nf5 48. Bf2 Ne7 49. Bc5 Nf5 50. Bf2 Ne7 51. Bh4 Nf5 52. Bf2 1/2-1/2